00685nam a2200205Ia 450000500170000000800410001702000180005808200200007610000400009624500610013625000180019730000250021550000420024065000460028226400280032833600270035633700330038333800280041604000350044420220317001516.0161108s2013 ck g 000 0 s  a978958423376904a320.9861b V14p1 aValencia Tovar, Álvarod1923-201414aLos presidentes que yo conocícÁlvaro Valencia Tovar a1a. edición a395 páginasc23 cm aIncluye datos biográficos del autor142LEMBaPresidentesvBiografíaszColombia aBogotábPlanetac2013 atextobtxt2rdacontent asin mediaciónbn2rdamedia avolumenbnc2rdacarrier aCO-BoRNBPbspaerdacCO-BoRNBP